000 01100cam a2200289 i 4500
001 20131054
005 20191031105235.0
008 190826s2018 nyua b 001 0 eng
010 _a 2017053388
020 _a9780878939657
035 _a(DNLM)101716237
040 _aCO-BoUCM
_cSaul Niño
_dSaul Niño
_bspa
041 0 _aeng
050 0 0 _aQH352
_b.H34 2018
060 1 0 _aQU 450
100 1 _aHahn, Matthew William
_d1975-
_998140
245 1 0 _aMolecular population genetics
_cMatthew W. Hahn, Indiana University
260 _aNew York
_bSinauer Associates
_c2019
300 _axviii, 334 páginas
505 0 _aModels of evolution -- Experimental design -- Describing variation -- Recombination -- Population structure -- The coalescent -- Direct selection -- Linked selection -- Demographic history -- Population genomics.
546 _aTexto en inglés
650 7 _aGenética de población
_916313
650 7 _aBiología molecular
_910131
650 0 _aFenómenos genéticos
_986604
650 7 _aGenética humana
_916317
942 _2NLM
_a25
_cLIBRO
_e1
_hQU 450
_mH148m
999 _c314609
_d314609